Appleton & lange’s review for the USMLE step 3 (Record no. 27357)

MARC details
000 -LEADER
fixed length control field 00379nam a2200157Ia 4500
020 ## - INTERNATIONAL STANDARD BOOK NUMBER
ISBN 083850227X
050 ## - CALL MARK
Classification number R 834.5 .A662/
245 #0 - TITLE STATEMENT
Title Appleton & lange’s review for the USMLE step 3
260 ## - PUBLICATION, DISTRIBUTION, ETC. (IMPRINT)
Place of publication Norwalk
260 ## - PUBLICATION, DISTRIBUTION, ETC. (IMPRINT)
Name of publisher Appleton & Lange
260 ## - PUBLICATION, DISTRIBUTION, ETC. (IMPRINT)
Year of publication 1995
300 ## - PHYSICAL DESCRIPTION
Number of Pages 252 p
942 ## - ADDED ENTRY ELEMENTS (KOHA)
Koha item type Books
Holdings
Withdrawn status Lost status Source of classification or shelving scheme Damaged status Not for loan Permanent Location Current Location Date acquired Accession Number Price effective from Koha item type
    Library of Congress Classification     NILE UNIVERSITY OF NIGERIA - MAIN LIBRARY NILE UNIVERSITY OF NIGERIA - MAIN LIBRARY 04/23/2025 0009900 04/23/2025 Books